01404 2200301 4500001002100000005001500021035002000036008004100056020001500097041000800112082001400120084002000134100002200154245006100176250001200237260002300249300002100272500002600293520051900319650007100838650004300909990002500952990002500977990002501002990002501027990002501052990002501077INLIS00000000000260220221107091642 a0010-0520002602221107 | | eng  a0324399731 aeng a346.73048 a346.73048 BUR l0 aBurgunder, Lee B.1 aLegal Aspects Of Managing Technology /cLee B. Burgunder a4th ed. aMason, Ohio,c2007 axv, 683 p. 24 cm aIndeks : p. 667 - 683 aWhether you plan a career in management, engineering, architecture, biology, computer science, or other field that deals with innovations in any technological field, this book will give you the understanding of the fundamental legal issues pertinent to technology management you need to competently create strategic plans in consultation with their attorneys. Up-to-date coverage focuses on integral technology law topics, including a intellectual property rights, privacy, biotechnology, e-commerce and antitrust. 4aHigh Technology Industries -- Law and Legislation -- United States 4aIntellectual Property -- United States a09662/MKRI-P/XI-2008 a09663/MKRI-P/XI-2008 a09663/MKRI-P/XI-2008 a09662/MKRI-P/XI-2008 a09662/MKRI-P/XI-2008 a09663/MKRI-P/XI-2008